Pickard's manual of operative dentistry / (Record no. 17743)
[ view plain ]
| 000 -LEADER | |
|---|---|
| fixed length control field | 02023cam a2200337 a 4500 |
| 001 - CONTROL NUMBER | |
| control field | 13460463 |
| 005 - DATE AND TIME OF LATEST TRANSACTION | |
| control field | 20131111105555.0 |
| 007 - PHYSICAL DESCRIPTION FIXED FIELD--GENERAL INFORMATION | |
| fixed length control field | ta |
| 008 - FIXED-LENGTH DATA ELEMENTS--GENERAL INFORMATION | |
| fixed length control field | 040116s2003 enka rb 001 0 eng |
| 010 ## - LIBRARY OF CONGRESS CONTROL NUMBER | |
| LC control number | 2004270035 |
| 020 ## - INTERNATIONAL STANDARD BOOK NUMBER | |
| International Standard Book Number | 0198509286 |
| 020 ## - INTERNATIONAL STANDARD BOOK NUMBER | |
| International Standard Book Number | 9780198509288 |
| 082 04 - DEWEY DECIMAL CLASSIFICATION NUMBER | |
| Classification number | 617.67 |
| Edition number | 22 |
| Item number | PIC |
| 245 00 - TITLE STATEMENT | |
| Title | Pickard's manual of operative dentistry / |
| Statement of responsibility, etc | Edwina A.M. Kidd...[et al.]. |
| 246 30 - VARYING FORM OF TITLE | |
| Title proper/short title | Manual of operative dentistry |
| 250 ## - EDITION STATEMENT | |
| Edition statement | 8th ed. |
| 260 ## - PUBLICATION, DISTRIBUTION, ETC. (IMPRINT) | |
| Place of publication, distribution, etc | Oxford ; |
| -- | New York : |
| Name of publisher, distributor, etc | Oxford University Press, |
| Date of publication, distribution, etc | 2003. |
| 300 ## - PHYSICAL DESCRIPTION | |
| Extent | xiii, 209 p. : |
| Other physical details | ill. (some col.) ; |
| Dimensions | 28 cm. |
| 490 ## - Series Statement | |
| -- | 21270 |
| Series statement | Oxford Medical Publications |
| 504 ## - BIBLIOGRAPHY, ETC. NOTE | |
| Bibliography, etc | Includes bibliographical references and index. |
| 505 ## - FORMATTED CONTENTS NOTE | |
| Formatted contents note | PART I - DISEASES, DISORDERS, DIAGNOSES, DECISIONS, AND DESIGN; 1. Why restore teeth?; 2. Making clinical decisions; 3. Principles of cavity design and preparation; PART II - TREATMENT TECHNIQUES; 4. The operator and the environment; 5. Instruments and handpieces; 6. Bonding to tooth structure; 7. Treatment of pit and fissure caries; 8. Treatment of approximal caries in posterior teeth; 9. Treatment of smooth surface caries, erosion - abrasion lesions, and enamel hypolasia; 10. Treatment of approximal caries, trauma, developmental disorders and discoloration in anterior teeth; 11. Indirect cast metal, porcelain and composite intracoronal restorations; PART III - MONITORING AND MAINTENANCE; 12. The long-term management of patients with restored dentitions |
| 650 #0 - SUBJECT ADDED ENTRY--TOPICAL TERM | |
| Topical term or geographic name as entry element | Dentistry, Operative. |
| 9 (RLIN) | 34408 |
| 650 #2 - SUBJECT ADDED ENTRY--TOPICAL TERM | |
| Topical term or geographic name as entry element | Dentistry, Operative. |
| 9 (RLIN) | 34409 |
| 653 ## - INDEX TERM--UNCONTROLLED | |
| Resource For college | |
| Arrived date list | November2013 |
| 655 ## - INDEX TERM--GENRE/FORM | |
| Form subdivision | |
| -- | 34232 |
| 700 1# - ADDED ENTRY--PERSONAL NAME | |
| Personal name | Kidd, Edwina A. M. |
| 9 (RLIN) | 32424 |
| 856 42 - ELECTRONIC LOCATION AND ACCESS | |
| Materials specified | Publisher description |
| Uniform Resource Identifier | <a href="http://www.loc.gov/catdir/enhancements/fy0620/2004270035-d.html">http://www.loc.gov/catdir/enhancements/fy0620/2004270035-d.html</a> |
| 856 41 - ELECTRONIC LOCATION AND ACCESS | |
| Materials specified | Table of contents only |
| Uniform Resource Identifier | <a href="http://www.loc.gov/catdir/enhancements/fy0620/2004270035-t.html">http://www.loc.gov/catdir/enhancements/fy0620/2004270035-t.html</a> |
| 856 42 - ELECTRONIC LOCATION AND ACCESS | |
| Materials specified | Contributor biographical information |
| Uniform Resource Identifier | <a href="http://www.loc.gov/catdir/enhancements/fy0725/2004270035-b.html">http://www.loc.gov/catdir/enhancements/fy0725/2004270035-b.html</a> |
| 942 ## - ADDED ENTRY ELEMENTS (KOHA) | |
| Source of classification or shelving scheme | Dewey Decimal Classification |
| Item type | |
| Withdrawn status | Item status | Source of classification or shelving scheme | Damaged status | Not for loan | Vendor | Home library | Current library | Shelving location | Date acquired | Source of acquisition | Total Checkouts | Full call number | Barcode | Date last seen | Koha item type |
|---|---|---|---|---|---|---|---|---|---|---|---|---|---|---|---|
| Dewey Decimal Classification | Baccah | Central Library | Central Library | First floor | 11/11/2013 | 617.67 PIC | 000029610 | 15/07/2025 | Book - Borrowing |